000 00254nam a2200097Ia 4500
082 _aJ 363.610728 MEDI
245 0 _aGraphing water
100 _a MEDINA, Sarah Chicago, Ill., [c.2009]
942 _cBK
008 210817s9999 xx 000 0 und d
999 _c368253
_d368252